全国地州市-拼音序挑战 - Statistics

General Stats
  • This quiz has been taken 19 times
  • The average score is 232 of 371
Answers on the Map
Answers color-coded by a green-red scale on the quiz's map according to % correct below.
 
Answer Stats
地州市 拼音提示 % Correct
阿坝 a
94%
阿克苏
81%
阿里
81%
安阳
81%
巴中
81%
白城 bai
81%
百色
81%
阿拉善
75%
安庆
75%
鞍山
75%
安顺
75%
巴音郭楞
75%
宝鸡
75%
保山
75%
北京
75%
蚌埠 beng
75%
滨州 bin
75%
沧州 cang
75%
长沙
75%
常州
75%
潮州
75%
郴州 chen
75%
池州
75%
重庆 chong
75%
崇左
75%
达州
75%
德阳
75%
德州
75%
杭州 hang
75%
阿拉尔
69%
阿勒泰
69%
澳门 ao
69%
白沙
69%
白山
69%
保定 bao
69%
北海 bei
69%
毕节 bi
69%
长春 chang
69%
常德
69%
朝阳 chao
69%
承德 cheng
69%
赤峰 chi
69%
楚雄 chu
69%
滁州
69%
大理 da
69%
大连
69%
大庆
69%
儋州
69%
定西
69%
东方 dong
69%
鄂州
69%
恩施 en
69%
防城港 fang
69%
佛山 fo
69%
福州
69%
抚州
69%
赣州
69%
海北 hai
69%
海东
69%
海南
69%
海西
69%
汉中
69%
贺州
69%
黑河 hei
69%
衡阳
69%
淮安 huai
69%
淮北
69%
怀化
69%
黄山
69%
惠州 hui
69%
吉安 ji
69%
金昌 jin
69%
晋中
69%
锦州
69%
荆门
69%
荆州
69%
九江 jiu
69%
喀什 ka
69%
昆明 kun
69%
兰州 lan
69%
娄底 lou
69%
吕梁
69%
漯河 luo
69%
绵阳 mian
69%
内江 nei
69%
怒江 nu
69%
攀枝花
69%
萍乡
69%
黔东南 qian
69%
黔南
69%
黔西南
69%
上海 shang
69%
上饶
69%
邵阳
69%
沈阳
69%
深圳
69%
十堰
69%
朔州 shuo
69%
四平 si
69%
苏州
69%
宿州
69%
泰安 tai
69%
泰州
69%
唐山 tang
69%
天津 tian
69%
乌海 wu
69%
仙桃
69%
湘潭
69%
襄阳
69%
宣城 xuan
69%
宜昌
69%
伊春
69%
宜春
69%
鹰潭
69%
岳阳 yue
69%
张家界 zhang
69%
株洲
69%
遵义 zun
69%
安康 an
63%
巴彦淖尔 ba
63%
白银
63%
包头
63%
本溪 ben
63%
博尔塔拉 bo
63%
亳州
63%
昌都
63%
昌江
63%
长治
63%
成都
63%
大同
63%
丹东 dan
63%
迪庆 di
63%
东莞
63%
东营
63%
鄂尔多斯 e
63%
阜阳
63%
甘南 gan
63%
甘孜
63%
固原 gu
63%
广安 guang
63%
广元
63%
广州
63%
贵港 gui
63%
桂林
63%
贵阳
63%
果洛 guo
63%
哈尔滨 ha
63%
海口
63%
邯郸 han
63%
鹤壁 he
63%
河源
63%
衡水 heng
63%
红河 hong
63%
湖州
63%
淮南
63%
黄冈 huang
63%
黄石
63%
吉林
63%
济南
63%
济宁
63%
鸡西
63%
济源
63%
嘉兴
63%
焦作 jiao
63%
揭阳 jie
63%
晋城
63%
金华
63%
景德镇 jing
63%
酒泉
63%
开封 kai
63%
拉萨 la
63%
来宾 lai
63%
廊坊 lang
63%
乐山
63%
丽江 li
63%
丽水
63%
凉山 liang
63%
辽阳
63%
辽源
63%
临沧 lin
63%
临沂
63%
柳州
63%
六安 lu
63%
泸州
63%
洛阳
63%
马鞍山 ma
63%
茂名 mao
63%
梅州
63%
牡丹江 mu
63%
那曲 na
63%
南昌 nan
63%
南京
63%
南宁
63%
南通
63%
南阳
63%
宁波 ning
63%
宁德
63%
莆田
63%
濮阳
63%
潜江
63%
秦皇岛 qin
63%
青岛 qing
63%
庆阳
63%
琼海 qiong
63%
琼中
63%
曲靖 qu
63%
衢州
63%
泉州 quan
63%
日喀则 ri
63%
日照
63%
三明
63%
三沙
63%
三亚
63%
山南 shan
63%
商洛
63%
商丘
63%
韶关 shao
63%
石家庄
63%
松原 song
63%
遂宁
63%
随州
63%
塔城 ta
63%
太原
63%
台州
63%
天门
63%
铁岭 tie
63%
铜川 tong
63%
通辽
63%
铜陵
63%
潍坊 wei
63%
威海
63%
渭南
63%
文山
63%
温州
63%
无锡
63%
五指山
63%
西安 xi
63%
厦门 xia
63%
咸宁 xian
63%
咸阳
63%
孝感 xiao
63%
新乡 xin
63%
新余
63%
忻州
63%
邢台
63%
徐州
63%
雅安 ya
63%
盐城
63%
阳江 yang
63%
扬州
63%
益阳
63%
银川 yin
63%
永州 yong
63%
榆林 yu
63%
枣庄 zao
63%
湛江 zhan
63%
张家口
63%
漳州
63%
肇庆 zhao
63%
镇江 zhen
63%
郑州 zheng
63%
周口 zhou
63%
淄博 zi
63%
自贡
63%
资阳
63%
保亭
56%
北屯
56%
昌吉
56%
澄迈
56%
定安 ding
56%
阜新
56%
哈密
56%
合肥
56%
鹤岗
56%
和田
56%
菏泽
56%
呼和浩特 hu
56%
葫芦岛
56%
呼伦贝尔
56%
嘉峪关
56%
江门 jiang
56%
克拉玛依
56%
克孜勒苏
56%
乐东 le
56%
连云港 lian
56%
临汾
56%
陇南 long
56%
龙岩
56%
眉山 mei
56%
南充
56%
南平
56%
盘锦 pan
56%
平顶山 ping
56%
平凉
56%
普洱 pu
56%
齐齐哈尔 qi
56%
三门峡 san
56%
汕头
56%
汕尾
56%
绍兴
56%
双鸭山
56%
宿迁 su
56%
绥化 sui
56%
天水
56%
铁门关
56%
屯昌 tun
56%
万宁 wan
56%
武汉
56%
乌兰察布
56%
武威
56%
锡林郭勒
56%
湘西
56%
许昌 xu
56%
延安 yan
56%
延边
56%
烟台
56%
伊犁
56%
营口 ying
56%
玉林
56%
玉溪
56%
运城 yun
56%
云浮
56%
张掖
56%
昭通
56%
中山 zhong
56%
中卫
56%
舟山
56%
珠海 zhu
56%
白杨
50%
大兴安岭
50%
德宏 de
50%
抚顺 fu
50%
河池
50%
黄南
50%
佳木斯 jia
50%
昆玉
50%
聊城 liao
50%
临夏
50%
林芝
50%
六盘水 liu
50%
七台河
50%
钦州
50%
清远
50%
石嘴山
50%
通化
50%
铜仁
50%
吐鲁番 tu
50%
图木舒克
50%
文昌 wen
50%
芜湖
50%
五家渠
50%
乌鲁木齐
50%
吴忠
50%
西宁
50%
西双版纳
50%
香港 xiang
50%
信阳
50%
阳泉
50%
宜宾 yi
50%
玉树
50%
驻马店
50%
胡杨河
44%
可克达拉 ke
44%
陵水 ling
44%
神农架 shen
44%
石河子 shi
44%
双河 shuang
44%
梧州
44%
新星
44%
兴安 xing
44%
临高
38%
No matching quizzes found
Score Distribution
Percent of People with Each Score
Percentile by Number Answered
Your Score History
You have not taken this quiz